[Event "IECG CP.2002.P.00015 email"]
[Site "IECG email"]
[Date "2002.10.01"]
[Round "?"]
[White "Krueger, Hilmar"]
[Black "Van Herreweghe, Frank"]
[Result "1-0"]
[WhiteElo "2309"]
[BlackElo "1000"]
[PlyCount "27"]
[EventDate "2002.10.01"]
[EventType "tourn (corr)"]
[EventRounds "6"]
[EventCountry "GER"]
[SourceTitle "Corr 2008"]
[Source "ChessBase"]
[SourceDate "2008.06.24"]
[SourceVersion "1"]
[SourceVersionDate "2008.06.24"]
[SourceQuality "1"]

1. e4 Nc6 2. Nf3 Nf6 3. e5 Ng4 4. d4 d6 5. h3 Nh6 6. Nc3 dxe5 7. d5 e4 8. Bxh6 Nb4 9. Ne5 g6 10. Bb5+ c6 11. dxc6 Qxd1+ 12. Rxd1 Nxc6 13. Nxc6 Bxh6 14. Rd8# 1-0

[Event "IECG CP.2002.P.00015 email"]
[Site "IECG email"]
[Date "2002.10.01"]
[Round "?"]
[White "Van Herreweghe, Frank"]
[Black "Neimeir, Ross"]
[Result "1-0"]
[WhiteElo "1000"]
[BlackElo "870"]
[PlyCount "76"]
[EventDate "2002.10.01"]
[EventType "tourn (corr)"]
[EventRounds "6"]
[EventCountry "GER"]
[SourceTitle "Corr 2008"]
[Source "ChessBase"]
[SourceDate "2008.06.24"]
[SourceVersion "1"]
[SourceVersionDate "2008.06.24"]
[SourceQuality "1"]

1. d4 d5 2. Nf3 Nf6 3. e3 Bg4 4. Nc3 e6 5. Be2 c5 6. Ne5 Bxe2 7. Qxe2 Nbd7 8. Qb5 b6 9. 0-0 Bd6 10. Nxd7 Qxd7 11. Qxd7+ Nxd7 12. dxc5 Bxc5 13. e4 dxe4 14. Nxe4 Rc8 15. Bg5 0-0 16. Rad1 Rc7 17. Bf4 e5 18. Bg3 f6 19. Nc3 Bd4 20. Rxd4 exd4 21. Bxc7 dxc3 22. bxc3 Rc8 23. Bd6 Rxc3 24. Rc1 Rc6 25. Bg3 b5 26. Kf1 Nb6 27. Ke1 Nc4 28. Ke2 g5 29. Rd1 Ne5 30. Bxe5 fxe5 31. Rd5 Rxc2+ 32. Ke3 Rxa2 33. Rxb5 h6 34. Rxe5 a5 35. Re6 Kg7 36. Ra6 a4 37. Ra7+ Kf6 38. Ra6+ Kg7 1-0

[Event "IECG CF.2002.0.00019 email"]
[Site "IECG email"]
[Date "2002.02.28"]
[Round "?"]
[White "Van Herreweghe, Frank"]
[Black "Frans, Alexander Ernest"]
[Result "1-0"]
[WhiteElo "1000"]
[BlackElo "1029"]
[PlyCount "41"]
[EventDate "2002.02.28"]
[EventType "tourn (corr)"]
[EventRounds "6"]
[SourceTitle "Corr 2008"]
[Source "ChessBase"]
[SourceDate "2008.06.24"]
[SourceVersion "1"]
[SourceVersionDate "2008.06.24"]
[SourceQuality "1"]

1. e4 c6 2. d4 d5 3. e5 Bf5 4. Nf3 e6 5. Bd3 Ne7 6. 0-0 Nd7 7. Nc3 f6 8. Re1 Bxd3 9. cxd3 Ng6 10. exf6 Qxf6 11. Ng5 Be7 12. Nxe6 Rc8 13. Bg5 Qf7 14. Qh5 Nf6 15. Qf3 h6 16. Nxg7+ Kd7 17. Rxe7+ Nxe7 18. Bxf6 Rhg8 19. Re1 Ng6 20. Qf5+ Kc7 21. Bd8+ 1-0

[Event "IECG CF.2002.0.00019 email"]
[Site "IECG email"]
[Date "2002.02.28"]
[Round "?"]
[White "Van Herreweghe, Frank"]
[Black "Harper, Roy"]
[Result "0-1"]
[WhiteElo "1000"]
[BlackElo "1000"]
[PlyCount "60"]
[EventDate "2002.02.28"]
[EventType "tourn (corr)"]
[EventRounds "6"]
[SourceTitle "Corr 2008"]
[Source "ChessBase"]
[SourceDate "2008.06.24"]
[SourceVersion "1"]
[SourceVersionDate "2008.06.24"]
[SourceQuality "1"]

1. e4 e5 2. Nf3 Nf6 3. Bb5 a6 4. Ba4 Nxe4 5. Qe2 f5 6. d3 b5 7. Bxb5 axb5 8. dxe4 fxe4 9. Nxe5 Qf6 10. Qxe4 Ra4 11. Qe2 Bb4+ 12. c3 Be7 13. b3 Ra6 14. Qxb5 Rb6 15. Qa5 Ba6 16. Ng4 Re6+ 17. Ne3 0-0 18. f3 Qg6 19. Qd5 c6 20. Qd2 Bg5 21. Qf2 Qd3 22. Qd2 Rxe3+ 23. Kd1 Rexf3 24. Qxd3 Rxd3+ 25. Nd2 Bxd2 26. Bxd2 Rf2 27. Kc2 Rdxd2+ 28. Kc1 Rxg2 29. c4 Rxh2 30. Rxh2 Rxh2 0-1

[Event "IECG CF.2002.0.00019 email"]
[Site "IECG email"]
[Date "2002.02.28"]
[Round "?"]
[White "Van Herreweghe, Frank"]
[Black "Woods, Campbell"]
[Result "1-0"]
[WhiteElo "1000"]
[BlackElo "1000"]
[PlyCount "63"]
[EventDate "2002.02.28"]
[EventType "tourn (corr)"]
[EventRounds "6"]
[SourceTitle "Corr 2008"]
[Source "ChessBase"]
[SourceDate "2008.06.24"]
[SourceVersion "1"]
[SourceVersionDate "2008.06.24"]
[SourceQuality "1"]

1. e4 b6 2. d4 Bb7 3. Nc3 Nc6 4. Nb5 e5 5. d5 Nd4 6. Nxd4 exd4 7. Qxd4 Nf6 8. Bg5 Qe7 9. 0-0-0 0-0-0 10. e5 c5 11. exf6 gxf6 12. Qxf6 Re8 13. Qxh8 Qxg5+ 14. Kb1 Kd8 15. Nf3 Qh6 16. Bd3 Bg7 17. Qxh7 Bxd5 18. Qxh6 Bxh6 19. Rhe1 Be6 20. Ne5 f6 21. Nxd7 Bxd7 22. Rxe8+ Kxe8 23. h4 Bc6 24. g4 Bf3 25. Bb5+ Kf7 26. Rd7+ Ke6 27. Rh7 Bf4 28. h5 Bxg4 29. h6 f5 30. Rh8 Be5 31. Re8+ Kd5 32. Rxe5+ 1-0